LEADER 01191nam a2200253 i 4500 001 000000050762 003 CaOOAMICUS 005 20221125125821.0 008 121210s1791 it u000 u ita u 013 $a21933 026 $adoai n-ro e.un qude (3) 1791 (R) 040 $aSeMil$bita 100 1 $aMinucci, Paolo,$d<1925-1695>.$0(OLS)http://semarc/name/2854 245 10$aDel diritto della procurazione pretesa dai vescovi nelle lor visite. Discorso di Paolo Minucci. 260 $ain Pavia :$bpresso Giuseppe Bolzani impressore della R. cittą, e R. imp. universitą,$c1791. 300 $a188, [4] p. ;$c8°. 500 $aSegn.: A-M8 650 4$aVescovi.$0(OLS)http://semarc/subject/260 700 1 $aBolzani, Giuseppe,$c.$0(OLS)http://semarc/name/12088 850 $aSeMil 852 $aSeMil$W1$xVenegono$y1$m2E II 21 FA$j16917$B16917$CSeMilBibl$Z2$F16917 $8I 996 $6245$aDel diritto della procurazione pretesa dai vescovi nelle lor visite. Discorso di Paolo Minucci$9(OLS)http://semarc/title/77541 996 $6260$ain Pavia :$bpresso Giuseppe Bolzani impressore della R. cittą, e R. imp. universitą$9(OLS)http://semarc/publisher/41288 LEADER 01072nam a2200241 i 4500 001 000000103458 003 CaOOAMICUS 005 20011002000000.0 008 011002n it u000 u ita u 013 $a75629 040 $aSeMil$bita 245 10$aDal 1789 alla fine dell'Ottocento. 300 $a946 p., 12 tavole a colori :$b225 illustrazioni in nero. 490 0 $aCollezione Maggiore ;$vVolume 500 $aTitolo originale : De 1789 ą 1848 ; De 1848 ą 1917. 650 4$aLetteratura francese - Storia - Sec. 18.$0(OLS)http://semarc/subject/7452 650 4$aLetteratura francese - Storia - Sec. 19.$0(OLS)http://semarc/subject/4821 773 0 $tStoria della letteratura francese.$dMilano : Garzanti, 1985.$kCollezione Maggiore$gVolume2$w()1548 830 0$aCollezione Maggiore ;$vVolume.$0(OLS)http://semarc/title/8746 850 $aSeMil 852 $aSeMil$W1$xVenegono$y1$mSL1.D VIII 19$j59919$B59919$CSeMilBibl$Z2$F44399 $8I 961 $aAcquisto: Garzanti (agente) 996 $6245$aDal 1789 alla fine dell'Ottocento$9(OLS)http://semarc/title/150241